[Event "Erbil zt 3.1"]
[Site "Erbil"]
[Date "2025.04.13"]
[Round "7"]
[White "Tamra, Attallah"]
[Black "Mohammed Ali, Madial Kinani"]
[Result "0-1"]
[WhiteElo "1953"]
[BlackElo "1968"]
[PlyCount "78"]
[EventDate "2025.04.08"]
[EventType "swiss"]
[EventRounds "9"]
[EventCountry "IRQ"]
[SourceTitle "CB16_2025"]
[SourceDate "2025.04.16"]
[SourceVersion "1"]
[SourceVersionDate "2025.04.16"]
[SourceQuality "1"]

1. d4 Nf6 2. Nf3 g6 3. g3 Bg7 4. c4 c5 5. Bg2 cxd4 6. Nxd4 Nc6 7. 0-0 Qb6 8. Nc2 0-0 9. Nc3 d6 10. h3 Be6 11. b3 a6 12. e4 Nh5 13. Bb2 Nxg3 14. Na4 Qa7 15. Bxg7 Kxg7 16. Re1 Nh5 17. Qd2 b5 18. cxb5 axb5 19. Nc3 Ne5 20. Nd4 b4 21. Nce2 Rab8 22. Kh2 Rfc8 23. Rac1 Bd7 24. f4 Nc6 25. e5 Nxd4 26. Nxd4 Rxc1 27. Rxc1 dxe5 28. fxe5 Qa5 29. Qe3 Rc8 30. Rxc8 Bxc8 31. e6 Bxe6 32. Nxe6+ fxe6 33. Qxe6 Qc7+ 34. Kg1 Qc1+ 35. Kf2 Qf4+ 36. Kg1 Qd4+ 37. Kh1 Qd1+ 38. Kh2 Qd6+ 39. Qxd6 exd6 0-1

[Event "Arab Cities"]
[Site "Hammamet"]
[Date "2020.03.03"]
[Round "1.1"]
[White "Tamra, Attallah"]
[Black "Ahmad, Al Khatib"]
[Result "0-1"]
[WhiteElo "1939"]
[BlackElo "2239"]
[PlyCount "72"]
[EventDate "2020.03.03"]
[EventType "team"]
[EventRounds "5"]
[EventCountry "TUN"]
[SourceTitle "CBM 195 Extra"]
[Source "ChessBase"]
[SourceDate "2020.05.31"]
[SourceVersion "1"]
[SourceVersionDate "2020.05.31"]
[SourceQuality "1"]
[WhiteTeam "Palestine"]
[BlackTeam "Amman"]
[WhiteTeamCountry "PLE"]
[BlackTeamCountry "JOR"]

1. d4 Nf6 2. Nf3 g6 3. Bf4 Bg7 4. e3 d6 5. h3 0-0 6. Be2 Nfd7 7. 0-0 e5 8. Bh2 Nc6 9. c3 e4 10. Nfd2 f5 11. c4 Nf6 12. Nc3 g5 13. a3 Ne7 14. b4 Ng6 15. c5 d5 16. f3 f4 17. fxe4 Nxe4 18. Ndxe4 dxe4 19. Nxe4 Qe7 20. Bf3 Bf5 21. Qb3+ Kh8 22. Rae1 Bxe4 23. exf4 Nxf4 24. Rxe4 Qxe4 25. Bxe4 Ne2+ 26. Kh1 Rxf1+ 27. Bg1 Bxd4 28. Qe6 Rxg1+ 29. Kh2 Rf1 30. g3 Bg1+ 31. Kh1 Bxc5+ 32. Kh2 Rf2+ 33. Bg2 Bd6 34. Qe3 Bxg3+ 35. Kh1 Rd8 36. Qb3 Be5 0-1

[Event "Arab Clubs-chT"]
[Site "Sharjah"]
[Date "2018.02.10"]
[Round "6.2"]
[White "Tamra, Attallah"]
[Black "Arab, Adlane"]
[Result "0-1"]
[WhiteElo "2037"]
[BlackElo "2476"]
[PlyCount "50"]
[EventDate "2018.02.06"]
[EventType "team-tourn"]
[EventRounds "9"]
[EventCountry "UAE"]
[SourceTitle "CBM 182 Extra"]
[Source "ChessBase"]
[SourceDate "2018.02.23"]
[SourceVersion "1"]
[SourceVersionDate "2018.02.23"]
[SourceQuality "1"]
[WhiteTeam "Al Quds"]
[BlackTeam "ASSN"]
[WhiteTeamCountry "PLE"]
[BlackTeamCountry "ALG"]

1. d4 Nf6 2. c4 e6 3. Nf3 d5 4. g3 c5 5. Nc3 cxd4 6. Nxd4 e5 7. Nf3 d4 8. Nb1 Nc6 9. Bg2 Bb4+ 10. Bd2 e4 11. Bxb4 exf3 12. Bxf3 Nxb4 13. Qa4+ Nc6 14. 0-0 0-0 15. Rd1 Bg4 16. Nd2 Re8 17. Nb3 Bxf3 18. exf3 Re2 19. Nd2 d3 20. c5 Qd5 21. Rac1 Nd4 22. Kg2 Ng4 23. Ne4 Rxf2+ 24. Nxf2 Qxf3+ 25. Kh3 Nxf2+ 0-1

[Event "Arab Clubs-chT"]
[Site "Sharjah"]
[Date "2018.02.08"]
[Round "4.2"]
[White "Tamra, Attallah"]
[Black "Salem, AR Saleh"]
[Result "0-1"]
[WhiteElo "2037"]
[BlackElo "2642"]
[PlyCount "84"]
[EventDate "2018.02.06"]
[EventType "team-tourn"]
[EventRounds "9"]
[EventCountry "UAE"]
[SourceTitle "CBM 182 Extra"]
[Source "ChessBase"]
[SourceDate "2018.02.23"]
[SourceVersion "1"]
[SourceVersionDate "2018.02.23"]
[SourceQuality "1"]
[WhiteTeam "Al Quds"]
[BlackTeam "Sharjah"]
[WhiteTeamCountry "PLE"]
[BlackTeamCountry "UAE"]

1. e4 c5 2. Nf3 d6 3. Bb5+ Nd7 4. 0-0 a6 5. Bxd7+ Bxd7 6. d4 cxd4 7. Qxd4 e5 8. Qd3 h6 9. Nc3 Nf6 10. h3 Rc8 11. Be3 Be7 12. a4 Be6 13. Nd2 Qa5 14. Rfb1 0-0 15. Nf3 Rfd8 16. Bd2 Qc7 17. Qe2 Qc4 18. Qe1 b5 19. axb5 axb5 20. b3 Qc6 21. Rc1 Rd7 22. Qe2 Rb7 23. Ra5 Rcb8 24. Qd3 Bd8 25. Ra2 b4 26. Ra6 Rb6 27. Rxb6 Bxb6 28. Na4 Nxe4 29. Nxb6 Rxb6 30. Be1 Nc5 31. Qd1 Bd5 32. Nh4 Be4 33. f3 Bh7 34. g4 Rb8 35. Ng2 Rc8 36. Ra1 Ne6 37. Ne3 Nd4 38. Bxb4 Nxf3+ 39. Kf2 Ng5 40. Kg3 Qb6 41. Qe1 Qd4 42. Ng2 Bxc2 0-1

[Event "Olympiad-42"]
[Site "Baku"]
[Date "2016.09.13"]
[Round "11.1"]
[White "Tamra, Attallah"]
[Black "Kirby, Peter J"]
[Result "1-0"]
[WhiteElo "2087"]
[BlackElo "2014"]
[PlyCount "78"]
[EventDate "2016.09.02"]
[EventType "team-swiss"]
[EventRounds "11"]
[EventCountry "AZE"]
[SourceTitle "CBM 175"]
[Source "ChessBase"]
[SourceDate "2016.11.10"]
[SourceVersion "1"]
[SourceVersionDate "2016.11.10"]
[SourceQuality "1"]
[WhiteTeam "Palestine"]
[BlackTeam "Guernsey"]
[WhiteTeamCountry "PLE"]
[BlackTeamCountry "GCI"]

1. Nf3 c5 2. g3 Nc6 3. Bg2 g6 4. d4 cxd4 5. Nxd4 Bg7 6. c3 Nf6 7. 0-0 0-0 8. Na3 d5 9. Bf4 Nh5 10. Be3 e6 11. c4 Nf6 12. Rc1 Bd7 13. h3 e5 14. Nxc6 Bxc6 15. cxd5 Nxd5 16. Bc5 Re8 17. Qb3 e4 18. Rfd1 Qf6 19. Rxd5 Bxd5 20. Qxd5 Qxb2 21. Rc2 Qa1+ 22. Kh2 b6 23. Bd6 Rad8 24. Qb5 Qd4 25. Bc7 Rc8 26. Nc4 Bf8 27. Ne3 Bc5 28. Bf4 Qa1 29. Qa4 Qe1 30. Ng4 Bxf2 31. h4 Red8 32. Rxc8 Rxc8 33. Qd7 Bg1+ 34. Kh3 Qc3 35. Nh6+ Kh8 36. Nxf7+ Kg8 37. Ng5 Qc4 38. Qxh7+ Kf8 39. Bd6+ Ke8 1-0

[Event "Asia Cup"]
[Site "Abu Dhabi"]
[Date "2016.04.03"]
[Round "7.3"]
[White "Tamra, Attallah"]
[Black "Boshra, Alshaeby"]
[Result "1-0"]
[WhiteElo "2058"]
[BlackElo "2021"]
[PlyCount "166"]
[EventDate "2016.03.28"]
[EventType "team-swiss"]
[EventRounds "9"]
[EventCountry "UAE"]
[SourceTitle "CBM 171 Extra"]
[Source "ChessBase"]
[SourceDate "2016.04.26"]
[SourceVersion "1"]
[SourceVersionDate "2016.04.26"]
[SourceQuality "1"]
[WhiteTeam "Palestine"]
[BlackTeam "Jordan"]
[WhiteTeamCountry "PLE"]
[BlackTeamCountry "JOR"]

1. Nf3 g6 2. g3 Bg7 3. d4 c5 4. c4 Nf6 5. Nc3 b6 6. e4 cxd4 7. Nxd4 Bb7 8. Bg2 0-0 9. 0-0 Nc6 10. e5 Ne8 11. Nxc6 Bxc6 12. Bxc6 dxc6 13. f4 f6 14. Qa4 Qc7 15. Ne4 Rd8 16. c5 h6 17. Be3 b5 18. Qb3+ Kh7 19. exf6 Nxf6 20. Nxf6+ Bxf6 21. Rad1 Kg7 22. f5 g5 23. Rde1 Rd5 24. Qb4 Qd7 25. Qg4 h5 26. Qxh5 Rxf5 27. Rxf5 Qxf5 28. Rf1 Qe5 29. Qf3 Rh8 30. Rf2 a5 31. Rd2 Qe6 32. b3 b4 33. Kg2 Qh3+ 34. Kg1 Qe6 35. Kg2 Qh3+ 36. Kg1 Qe6 37. Kg2 g4 38. Qf4 Rh5 39. Rd8 Qf5 40. Qxf5 Rxf5 41. Rc8 Re5 42. Kf2 Rh5 43. Kg1 Re5 44. Bd4 Re1+ 45. Kf2 Rh1 46. Kg2 Rc1 47. Bxf6+ Kxf6 48. Rxc6+ e6 49. Rc8 Rc2+ 50. Kg1 Rxa2 51. c6 Ra1+ 52. Kf2 Ra2+ 53. Ke3 Rc2 54. Kf4 Ke7 55. Ra8 Kd6 56. Rxa5 Rxh2 57. Rb5 Rd2 58. Rxb4 Kxc6 59. Ke5 Re2+ 60. Re4 Rb2 61. b4 Kd7 62. Rxg4 Re2+ 63. Re4 Rb2 64. g4 Ke7 65. g5 Rg2 66. Kf4 Kd6 67. Rd4+ Kc6 68. Rd3 e5+ 69. Kf5 e4 70. Rb3 Kd5 71. b5 Rf2+ 72. Kg4 Rg2+ 73. Kh4 Kd4 74. b6 e3 75. b7 e2 76. Rb1 Rh2+ 77. Kg3 Rh8 78. Kf2 Rh2+ 79. Kf3 e1Q 80. Rxe1 Rb2 81. Re7 Kd5 82. g6 Kd6 83. g7 Kd5 1-0

[Event "Asia Cup"]
[Site "Abu Dhabi"]
[Date "2016.03.28"]
[Round "1.3"]
[White "Tamra, Attallah"]
[Black "Hossain, Enamul"]
[Result "1-0"]
[WhiteElo "2058"]
[BlackElo "2426"]
[PlyCount "109"]
[EventDate "2016.03.28"]
[EventType "team-swiss"]
[EventRounds "9"]
[EventCountry "UAE"]
[SourceTitle "CBM 171 Extra"]
[Source "ChessBase"]
[SourceDate "2016.04.26"]
[SourceVersion "1"]
[SourceVersionDate "2016.04.26"]
[SourceQuality "1"]
[WhiteTeam "Palestine"]
[BlackTeam "Bangladesh"]
[WhiteTeamCountry "PLE"]
[BlackTeamCountry "BAN"]

1. d4 Nf6 2. Nf3 c5 3. d5 e6 4. c4 b5 5. e4 Nxe4 6. Bd3 Nf6 7. 0-0 d6 8. dxe6 Bxe6 9. Re1 Be7 10. cxb5 0-0 11. Ng5 Bg4 12. Qc2 h6 13. Ne4 Nbd7 14. Nbc3 d5 15. Ng3 Nb6 16. a4 c4 17. Bf5 Bc5 18. a5 Nc8 19. Bf4 Nd6 20. h3 Bxf5 21. Nxf5 Nde4 22. Nxe4 Nxe4 23. Rxe4 dxe4 24. Qxc4 Rc8 25. Qxe4 Re8 26. Qf3 Qf6 27. Qg4 Kh7 28. Be3 Qxb2 29. Re1 Bxe3 30. Rxe3 Rxe3 31. fxe3 Rc1+ 32. Kh2 Qe5+ 33. Qf4 Qxb5 34. Nd6 Qf1 35. Qe4+ g6 36. Ne8 Qh1+ 37. Kg3 Qe1+ 38. Kh2 Qh1+ 39. Kg3 Qe1+ 40. Kh2 Qc3 41. Qf4 f5 42. Qd6 g5 43. Qe7+ Kh8 44. Qf8+ Kh7 45. Qf7+ Kh8 46. Qf8+ Kh7 47. Qxf5+ Kh8 48. Qf8+ Kh7 49. Qf7+ Kh8 50. Qf8+ Kh7 51. Qf5+ Kh8 52. e4 Qd4 53. Qf8+ Kh7 54. Nf6+ Kg6 55. Qg8+ 1-0

[Event "Asia Cities-ch 19th"]
[Site "Kalutara "]
[Date "2015.07.22"]
[Round "1"]
[White "Taalaibekov, Tagir"]
[Black "Tamra, Attallah"]
[Result "1-0"]
[WhiteElo "2193"]
[BlackElo "2053"]
[PlyCount "22"]
[EventDate "2015.07.22"]
[EventType "team-tourn"]
[EventRounds "9"]
[EventCountry "SRI"]
[SourceTitle "EXT 2020"]
[Source "ChessBase"]
[SourceDate "2019.10.17"]
[SourceVersion "1"]
[SourceVersionDate "2019.10.17"]
[SourceQuality "1"]
[WhiteTeam "Bishkek"]
[BlackTeam "Al Quds (Jerusalem)"]
[WhiteTeamCountry "KGZ"]
[BlackTeamCountry "PLE"]

1. d4 Nf6 2. Nf3 e6 3. c4 Bb4+ 4. Bd2 Qe7 5. Qb3 Bxd2+ 6. Nbxd2 Nc6 7. e4 d6 8. Bd3 e5 9. d5 Nb8 10. Qc3 a5 11. c5 0-0 1-0

[Event "Muscat zt 3.1"]
[Site "Muscat"]
[Date "2015.05.24"]
[Round "9"]
[White "Tamra, Attallah"]
[Black "Idani, Pouya"]
[Result "0-1"]
[WhiteElo "2080"]
[BlackElo "2526"]
[PlyCount "94"]
[EventDate "2015.05.17"]
[EventType "swiss"]
[EventRounds "9"]
[EventCountry "OMN"]
[SourceTitle "CBM 166 Extra"]
[Source "ChessBase"]
[SourceDate "2015.06.18"]
[SourceVersion "1"]
[SourceVersionDate "2015.06.18"]
[SourceQuality "1"]

1. Nf3 c5 2. b3 d6 3. Bb2 e5 4. Nc3 Nf6 5. e4 g6 6. Bb5+ Nc6 7. a4 Bg7 8. 0-0 0-0 9. Re1 h6 10. Bxc6 bxc6 11. d3 Nh5 12. Bc1 f5 13. Be3 Nf6 14. Bd2 f4 15. h3 g5 16. Nh2 h5 17. g4 fxg3 18. fxg3 Bxh3 19. Bxg5 Qe8 20. Qd2 Qg6 21. Re2 Nh7 22. Bh4 Bh6 23. Qe1 Rf7 24. Kh1 Raf8 25. Qg1 Ng5 26. Rae1 Ne6 27. Nd1 Nd4 28. Rf2 Bg4 29. Nxg4 Qxg4 30. Rxf7 Qh3+ 31. Qh2 Qxh2+ 32. Kxh2 Rxf7 33. Rh1 Nxc2 34. Kg2 Kg7 35. Rf1 Nd4 36. Nb2 Rxf1 37. Kxf1 Kf7 38. Bd8 d5 39. a5 a6 40. Na4 Nxb3 41. Bb6 Bd2 42. Ke2 Bb4 43. Kd1 Ke6 44. Bc7 dxe4 45. dxe4 Nd2 46. Nxc5+ Bxc5 47. Kxd2 Bf2 0-1

[Event "Muscat zt 3.1"]
[Site "Muscat"]
[Date "2015.05.22"]
[Round "7"]
[White "Tamra, Attallah"]
[Black "Ghaem Maghami, Ehsan"]
[Result "0-1"]
[WhiteElo "2080"]
[BlackElo "2558"]
[PlyCount "92"]
[EventDate "2015.05.17"]
[EventType "swiss"]
[EventRounds "9"]
[EventCountry "OMN"]
[SourceTitle "CBM 166 Extra"]
[Source "ChessBase"]
[SourceDate "2015.06.18"]
[SourceVersion "1"]
[SourceVersionDate "2015.06.18"]
[SourceQuality "1"]

1. c4 Nf6 2. Nf3 e6 3. g3 d5 4. d4 dxc4 5. Bg2 Nc6 6. Qa4 Bb4+ 7. Bd2 Nd5 8. Ne5 Bd7 9. Nxd7 Qxd7 10. e3 a6 11. a3 b5 12. Qc2 Be7 13. 0-0 0-0 14. Rc1 Rfd8 15. b3 cxb3 16. Qxb3 Rac8 17. Ra2 Nb8 18. Rac2 c6 19. Ba5 Re8 20. Nd2 Bd8 21. Bxd8 Rcxd8 22. a4 e5 23. dxe5 Qe7 24. axb5 axb5 25. Nf3 Nb4 26. Rc3 c5 27. Rxc5 Nd3 28. Qxb5 Nxc5 29. Qxc5 Nd7 30. Qxe7 Rxe7 31. Rd1 Rde8 32. Rd5 Kf8 33. Bh3 Nxe5 34. Nxe5 Rxe5 35. Rxe5 Rxe5 36. Kg2 Ke7 37. Bg4 Kd6 38. Bd1 Kc5 39. Bb3 Re7 40. Kf3 Kb4 41. Bd5 Kc3 42. Ke2 Rd7 43. e4 Kd4 44. h4 Rc7 45. Kf3 f5 46. Kf4 fxe4 0-1

[Event "Muscat zt 3.1"]
[Site "Muscat"]
[Date "2015.05.21"]
[Round "6"]
[White "Masrahi, Abdulrahman A"]
[Black "Tamra, Attallah"]
[Result "0-1"]
[WhiteElo "1865"]
[BlackElo "2080"]
[PlyCount "44"]
[EventDate "2015.05.17"]
[EventType "swiss"]
[EventRounds "9"]
[EventCountry "OMN"]
[SourceTitle "CBM 166 Extra"]
[Source "ChessBase"]
[SourceDate "2015.06.18"]
[SourceVersion "1"]
[SourceVersionDate "2015.06.18"]
[SourceQuality "1"]

1. d4 Nf6 2. Bf4 e6 3. e3 c5 4. Nf3 b6 5. c3 Bb7 6. Nbd2 Be7 7. h3 0-0 8. Be2 cxd4 9. exd4 d6 10. 0-0 Nbd7 11. Re1 Re8 12. a4 Bf8 13. Nc4 Qc7 14. Bf1 Rad8 15. Qb3 Bd5 16. Qb4 e5 17. Be3 Bxf3 18. gxf3 d5 19. Qb3 exd4 20. Bxd4 dxc4 21. Bxc4 Nc5 22. Qc2 Qf4 0-1

[Event "Muscat zt 3.1"]
[Site "Muscat"]
[Date "2015.05.20"]
[Round "4"]
[White "Hashem, Khaled"]
[Black "Tamra, Attallah"]
[Result "0-1"]
[WhiteElo "1962"]
[BlackElo "2080"]
[PlyCount "104"]
[EventDate "2015.05.17"]
[EventType "swiss"]
[EventRounds "9"]
[EventCountry "OMN"]
[SourceTitle "CBM 166 Extra"]
[Source "ChessBase"]
[SourceDate "2015.06.18"]
[SourceVersion "1"]
[SourceVersionDate "2015.06.18"]
[SourceQuality "1"]

1. d4 Nf6 2. c4 e6 3. Nf3 Bb4+ 4. Nbd2 b6 5. a3 Bxd2+ 6. Qxd2 Bb7 7. Qg5 0-0 8. e3 Ne4 9. Qxd8 Rxd8 10. Nd2 d6 11. f3 Nf6 12. b4 Nbd7 13. Bb2 Rac8 14. Nb3 c5 15. Bd3 cxd4 16. Nxd4 Ne5 17. Ke2 Nxc4 18. Bxc4 Rxc4 19. Rhc1 Rdc8 20. Kd2 Rxc1 21. Rxc1 Rxc1 22. Bxc1 a6 23. a4 Kf8 24. Ba3 Ke7 25. g3 g6 26. e4 Kd7 27. Kd3 e5 28. Nc2 d5 29. exd5 Bxd5 30. Ne3 Bxf3 31. Nc4 e4+ 32. Kd2 b5 33. axb5 axb5 34. Ne5+ Ke6 35. Nxf3 exf3 36. Ke3 Ng4+ 37. Kxf3 Nxh2+ 38. Kf4 f5 39. Bb2 Ng4 40. Kg5 Kf7 41. Bd4 h6+ 42. Kf4 Ke6 43. Bc5 g5+ 44. Kf3 Ne5+ 45. Ke3 Kd5 46. Bf8 f4+ 47. gxf4 gxf4+ 48. Ke2 h5 49. Bh6 f3+ 50. Kf1 Nd3 51. Bg5 Nxb4 52. Kf2 Ke4 0-1

[Event "Arab Clubs-chT"]
[Site "Marrakesh"]
[Date "2014.05.24"]
[Round "1"]
[White "Zayed, Ali Al Hamed"]
[Black "Tamra, Attallah"]
[Result "1/2-1/2"]
[WhiteElo "1945"]
[BlackElo "2080"]
[PlyCount "57"]
[EventDate "2014.05.24"]
[EventType "team-swiss"]
[EventRounds "9"]
[EventCountry "MAR"]
[SourceTitle "EXT 2018"]
[Source "ChessBase"]
[SourceDate "2017.10.13"]
[SourceVersion "1"]
[SourceVersionDate "2017.10.13"]
[SourceQuality "1"]
[WhiteTeam "Abu Dhabi"]
[BlackTeam "Duma"]
[WhiteTeamCountry "UAE"]
[BlackTeamCountry "PLE"]

1. e4 c5 2. Nf3 g6 3. d4 cxd4 4. Qxd4 Nf6 5. Nc3 Nc6 6. Qd1 Bg7 7. Be2 0-0 8. 0-0 d6 9. h3 a6 10. a4 Be6 11. Be3 Rc8 12. Nd4 Bd7 13. Qd2 Na5 14. f4 Nc4 15. Bxc4 Rxc4 16. Nd5 Nxd5 17. exd5 Rxa4 18. Rxa4 Bxa4 19. f5 Qc7 20. c3 Qc4 21. fxg6 hxg6 22. Bh6 Bxh6 23. Qxh6 Qxd5 24. Nf5 Qe5 25. Rf4 Qe1+ 26. Kh2 Qe5 27. Kg1 Qe1+ 28. Kh2 Qe5 29. Kg1 1/2-1/2

[Event "Asia zt 3.1"]
[Site "Doha"]
[Date "2013.05.07"]
[Round "4"]
[White "Tamra, Attallah"]
[Black "Ghaem Maghami, Ehsan"]
[Result "0-1"]
[WhiteElo "2070"]
[BlackElo "2568"]
[PlyCount "36"]
[EventDate "2013.05.04"]
[EventType "swiss"]
[EventRounds "9"]
[EventCountry "QAT"]
[SourceTitle "CBM 154 Extra"]
[Source "ChessBase"]
[SourceDate "2013.06.25"]
[SourceVersion "2"]
[SourceVersionDate "2013.06.25"]
[SourceQuality "1"]

1. e4 c5 2. Nc3 a6 3. f4 b5 4. Nf3 Bb7 5. d3 e6 6. g3 d5 7. e5 h5 8. Bg2 Ne7 9. 0-0 Nf5 10. Ne2 Nc6 11. c3 d4 12. Ng5 Be7 13. Ne4 Qd7 14. Qc2 Rd8 15. Rf3 c4 16. h3 dxc3 17. bxc3 cxd3 18. Nd6+ Bxd6 0-1

[Event "Asia zt 3.1"]
[Site "Doha"]
[Date "2013.05.04"]
[Round "1"]
[White "Khader, Sami"]
[Black "Tamra, Attallah"]
[Result "1-0"]
[WhiteElo "2374"]
[BlackElo "2070"]
[PlyCount "97"]
[EventDate "2013.05.04"]
[EventType "swiss"]
[EventRounds "9"]
[EventCountry "QAT"]
[SourceTitle "CBM 154 Extra"]
[Source "ChessBase"]
[SourceDate "2013.06.25"]
[SourceVersion "2"]
[SourceVersionDate "2013.06.25"]
[SourceQuality "1"]

1. d4 Nf6 2. c4 e6 3. Nf3 Bb4+ 4. Nbd2 b6 5. a3 Bxd2+ 6. Bxd2 h6 7. Bf4 Bb7 8. e3 Nh5 9. Bg3 Nxg3 10. hxg3 d6 11. d5 e5 12. Bd3 Qe7 13. Bc2 Nd7 14. Nh4 Qg5 15. Qe2 g6 16. Nf3 Qe7 17. Nd2 0-0-0 18. b4 f5 19. e4 Rdf8 20. a4 Qf6 21. a5 f4 22. g4 h5 23. gxh5 Rxh5 24. Rxh5 gxh5 25. Qxh5 Rh8 26. Qg4 Qh4 27. Bd1 Qh1+ 28. Nf1 Qh7 29. Nd2 Rg8 30. Qh3 Qxh3 31. gxh3 Nf6 32. Be2 Kb8 33. Ra3 Bc8 34. Bf1 Rg1 35. c5 Bd7 36. c6 Bc8 37. Ke2 Rg6 38. h4 Bg4+ 39. Ke1 Bc8 40. Bh3 Bxh3 41. Rxh3 Rg1+ 42. Ke2 Nh5 43. Rh2 b5 44. Kf3 Rd1 45. Kg4 Nf6+ 46. Kf5 Nxd5 47. exd5 Rxd2 48. h5 Rxd5 49. Ke6 1-0